Zambezi River Countries - Statistics

General Stats
  • This quiz has been taken 34 times
  • The average score is 6 of 6
Answer Stats
Country % Correct
Zambia
100%
Zimbabwe
100%
Botswana
97%
Namibia
93%
Angola
90%
Mozambique
87%
No matching quizzes found
Score Distribution
Percent of People with Each Score
Percentile by Number Answered
Your Score History
You have not taken this quiz